| 000 | 00584nam a2200217 a 4500 | ||
|---|---|---|---|
| 005 | 20210219152917.0 | ||
| 008 | 991125n 000 0 eng u | ||
| 035 | _aUPN01000066847 | ||
| 100 | _aStone, Janet | ||
| 222 | _aYOUNG CHILDREN | ||
| 245 | _aCaregiver and teacher language : responsive of restrictive? | ||
| 300 | _a12-18 | ||
| 362 | _a1993 48, No. 4 | ||
| 505 | _aSeptiembre 1993 | ||
| 653 | 0 | _aACTITUDES DEL LENGUAJE | |
| 653 | 0 | _aCUIDADOS INFANTILES | |
| 653 | 0 | _aNI\197OS JOVENES | |
| 653 | 0 | _aPAPEL DEL LENGUAJE | |
| 904 |
_aAC _b004658 |
||
| 905 | _aArticulo | ||
| 999 |
_c63693 _d63693 |
||